Фотоальбом "Оборонительные сооружения японцев", составленный отделом по изучению опыта войны Оперативного управления штаба 1-го ...

RUSMARC
00005514ckm0a2200349#x 450
00198400653-330e-4bd5-8901-742810eb6893
00520250903143836.0
100##$a20250903j194508##k###0rusy50 ca
1010#$arus
102##$aRU
116##$afiibxx####zz####zz
1222#$ad194508####
$ad194509####
2001#$aФотоальбом "Оборонительные сооружения японцев", составленный отделом по изучению опыта войны Оперативного управления штаба 1-го Дальневосточного фронта (приложение к журналу боевых действий 1-го Дальневосточного фронта за август 1945 г.)
$j[Август-сентябрь 1945 г.]
251##$cДокумент
300##$aПодлинник
461#0$12001
$aФ. 234
$1251
$cФонд
$1852
$j234
462#0$12001
$aОп. 3213
$1251
$cОпись
$1852
$j3213
462#0$12001
$aД. 417
$vЛ. 1-19об., 20
$1251
$cДело
$1852
$j417
60102$2prlib_sh
$3LIBNET\UAF\0000114694
$aДальневосточный фронт
$jФотографии
605##$2prlib_sh
$3LIBNET\UAF\0000088514
$aВторая мировая война в архивных документах (Комплекс оцифрованных архивных документов, кино- и фотоматериалов)
$lколлекция
605##$2acquisition_Prlib
$3DITM\AF\0000000338
$aПамять о Великой Победе
$lколлекция
6061#$2nlr_sh
$3RU\NLR\AUTH\66249354
$aСоветско-японская война
$z1945
$jФотографии
6061#$2nlr_sh
$3RU\NLR\AUTH\661367315
$aДолговременные фортификационные сооружения
$jФотографии
6061#$2nlr_sh1
$3RU\NLR\AUTH\6673279
$aНаблюдательные пункты(воен.) в артиллерии
$jФотографии
608##$2prlib_sh
$3DITM\AF\0000001707
$aДокументальные фотографии
686##$a63.3(2)622,14я611
$vLBC/M
$2rubbk
686##$a68.80я611
$vLBC/M
$2rubbk
801#0$aRU
$bПБ им. Б.Н. Ельцина
$c20250903
801#1$aRU
$bПБ им. Б.Н. Ельцина
$c20250903
$2rusmarc
801#2$aRU
$bПБ им. Б.Н. Ельцина
$c20250903
$2rusmarc
850##$aЦентральный архив Министерства обороны Российской Федерации
852##$aЦА МО РФ
$jЛ. 1-19об., 20
035##$aLIBNET\0001495935
937##$d198134847
$hФедеральное архивное агентство
8564#$uhttp://readingroom.main.prlib.ru/item.aspx?id_node=n198134847&mode=full
Формат отображения
из 39